000
00294nam a22001217a 4500
008
171219b xxu||||| |||| 00| 0 eng d
041
_a
eng
080
_a
94
100
_a
17
101
_a
HIS
245
_a
ALEXANDER GUMBERG& SOVIETJ AMERICAN RELATIONS 1917-1933
_c
LIBBEY,J.K
942
_2
udc
_c
BK
999
_c
39191
_d
39191